Normal view
MARC view
- Free trade
Entry Topical Term
001 - CONTROL NUMBER
- control field: 3561
003 - CONTROL NUMBER IDENTIFIER
- control field: OSt
005 - DATE AND TIME OF LATEST TRANSACTION
- control field: 20170511144533.0
008 - FIXED-LENGTH DATA ELEMENTS
- fixed length control field: 170511|| aca||aabn | a|a d
040 ## - CATALOGING SOURCE
- Original cataloging agency: OSt
- Transcribing agency: OSt
150 ## - HEADING--TOPICAL TERM
- Topical term or geographic name entry element: Free trade
- General subdivision: Congresses.
- Geographic subdivision: Cambodia
670 ## - SOURCE DATA FOUND
- Source citation: Work cat.: (OSt): Asean Free Trade Agreement :, c1997

PORTAL AKMAL
E-MEL JKDM
AKMAL2U
G-BAM
u-PUSTAKA